banner-ar

تراث الاسلام / (Record no. 66321)

MARC details
000 -الفاتح
حقل البيانات ثابتة الطول 00833nam a22002297a 4500
005 - وقت وتاريخ اخر تعامل مع التسجيلة
رقم الضبط 20240530110912.0
008 - عناصر البيانات ثابتة الطول - معلومات عامة
حقل البيانات ثابتة الطول 140826s1983 ua a g 000 0 ara d
017 ## - رقم الايداع القانونى
رقم الايداع القانونى 83/4085
المصدر ( الهيئة المختصة) مصر . دار الكتب
020 ## - الرقم الدولى المعيارى للكتب
الرقم الدولى المعيارى للكتاب 9774720032
040 ## - مصدر الفهرسة
وكالة الفهرسة الأصلية EG-CaGPL
082 04 - رقم تصنيف ديوى العشرى
رقم الطبعة 21
رقم التصنيف 953/
رقم المادة ل ت
110 0# - المدخل الرئيسى - إسم هيئة
اسم الهيئة أو اسم السلطة كمدخل لجنة الجامعين لنشر العلم
245 10 - بيان العنوان
العنوان تراث الاسلام /
بيان المسئوليه,etc لجنة الجامعين لنشر العلم
260 ## - PUBLICATION, DISTRIBUTION, ETC. (IMPRINT)
تاريخ النشر أو التوزيع 1983
300 ## - الوصف المادى
التعداد 2جزء، 1مج :
تفاصيل ماديه اخرى للوعاء ايض ؛
أبعاد الوعاء 19 سم
650 07 - المدخل الاضافى بالموضوع-مصطلح موضوعى
مصدر الرأس أو المصطلح qrmak
مصطلح موضوعي التصوف الاسلامى
650 07 - المدخل الاضافى بالموضوع-مصطلح موضوعى
مصدر الرأس أو المصطلح qrmak
مصطلح موضوعي الشريعة الاسلامية
650 07 - المدخل الاضافى بالموضوع-مصطلح موضوعى
مصدر الرأس أو المصطلح qrmak
مصطلح موضوعي علم الكلام
650 07 - المدخل الاضافى بالموضوع-مصطلح موضوعى
مصدر الرأس أو المصطلح qrmak
مصطلح موضوعي الفلسفة
650 07 - المدخل الاضافى بالموضوع-مصطلح موضوعى
مصدر الرأس أو المصطلح qrmak
مصطلح موضوعي الاسلام
التقسيم الفرعي العام النظام السياسى فى
942 ## - عناصر المدخل الإضافي( كوها)
مصدر التصنيف او مخطط الترفيف Dewey Decimal Classification
Koha [default] item type كتاب
260 ## - PUBLICATION, DISTRIBUTION, ETC. (IMPRINT)
-- القاهرة :
-- مكتبة الاداب ،
Holdings
حالة التراجع حالة الفقد حالة تلف ليس للاعارة المكان المؤقت الموقع الحالى موقع الترفيف تاريخ الاكتساب اجمالي اﻻعارات رقم الطلب الباركود تاريخ اخر مشاهدة تاريخ تفعيل السعر نوع وعاء كوها
        مكتبة القاهرة الكبرى مكتبة القاهرة الكبرى ق الرئيسية_التاريخ والجغرافيا_ك عربى 03/16/2022   953/ ل ت 167657 03/16/2022 03/16/2022 كتاب
        مكتبة القاهرة الكبرى مكتبة القاهرة الكبرى ق الرئيسية_التاريخ والجغرافيا_ك عربى 03/16/2022   953/ ل ت 167658 03/16/2022 03/16/2022 كتاب

Powered By

EGPV